000 00587nam a22001932 4500
001 0000002966
005 20170406114638.0
008 140428s xx 000 0 eng d
020 _c$
040 _aYour Holding Symbol
_cYour Holding Symbol
100 1 _aPeirce Neal R.
245 1 4 _aThe peoples president :
_bth electroral college in american history and the direct-vote alternative.
250 _a ed.
260 _aNew york :
_bA clarion book,
_c1968.
300 _a400 p. ;
_c cm.
504 _aindex.
650 0 _aunited states president.
908 _a140428
999 _c2847
_d2847